The Fr[ench] alphabet : t[eaching] in a very s[hort tyme] by a most easie w[ay to pronounce] French naturally ... : toget[her with] The treasur[e of the French] tongue ... /

Bibliographic Details
Main Author: G. D. L. M. N.
Format: eBook
Language:English
Published: Lon[don] : Printed by George [Miller] in Blacke-[Friars, 1639]
Series:Early English books online.
Subjects:
Online Access:Connect to the full text of this electronic book

MARC

Tag First Indicator Second Indicator Subfields
LEADER 00000nam a2200000Ia 4500
001 in00004203921
005 20200806091719.0
006 m g d
007 cr bn |||a|bb|
008 910905s1639 enk o 00| | eng d
035 |a (OCoLC)24333209 
040 |a EBL  |c EBL  |d WaOLN 
037 |a CL0036000056  |b ProQuest. 789 E. Eisenhower Parkway, Ann Arbor, MI 48108-3218 
041 0 |a engfre 
090 |a PC2109  |b .G24 1639 
049 |a UMIA 
100 0 |a G. D. L. M. N. 
245 1 4 |a The Fr[ench] alphabet :  |b t[eaching] in a very s[hort tyme] by a most easie w[ay to pronounce] French naturally ... : toget[her with] The treasur[e of the French] tongue ... /  |c by G.D.L.[M.N.] 
260 |a Lon[don] :  |b Printed by George [Miller] in Blacke-[Friars,  |c 1639] 
300 |a 1 online resource ([14], 159, [5], 59, [1] pages) 
336 |a text  |b txt  |2 rdacontent 
337 |a computer  |b c  |2 rdamedia 
338 |a online resource  |b cr  |2 rdacarrier 
500 |a English and French on opposite pages. 
500 |a T.p. torn; title suggested by NUC pre-1956 imprints. 
500 |a "The treasure of the French tongue" has special t.p. 
500 |a Signatures: A⁸(-A1) B-P⁸. 
500 |a Imperfect: print show-through, with some loss of printing. 
500 |a Reproduction of original in the Harvard University. Library. 
510 4 |a STC (2nd edition)  |c 6549.7 
533 |a Electronic reproduction.  |b Ann Arbor, Mich. :  |c UMI,  |d 1999-  |f (Early English books online)  |n Digital version of: (Early English books, 1475-1640 ; 1850:5)  |7 s1999 miun s 
650 0 |a French language  |x Grammar  |v Early works to 1800. 
650 0 |a French language  |v Conversation and phrase books. 
730 0 2 |a Treasure of the French tongue. 
830 0 |a Early English books online. 
856 4 0 |u http://proxy.library.tamu.edu/login?url=https://search.proquest.com/docview/2240929829  |z Connect to the full text of this electronic book  |t 0 
999 f f |s 3ef98f28-40df-38d5-8c4b-e1d4a2f42a49  |i 1f3a64e7-211e-32bb-96a2-5a70f737437d  |t 0 
952 f f |a Texas A&M University  |b College Station  |c Electronic Resources  |d Available Online  |t 0  |e PC2109 .G24 1639  |h Library of Congress classification 
998 f f |a PC2109 .G24 1639  |t 0  |l Available Online